Agatha All Along - Auf dem Hexenweg - Liedtext - Statistiken

Allgemein
  • Dieses Quiz wurde 20 mal gespielt
  • Das Durchschnittsergebnis liegt bei 86 aus 199
Antwortstatistiken
Antwort % Korrekt
geh',
86%
Geh',
86%
geh'
86%
geh',
86%
Hexenweg.
86%
Den
71%
den
71%
die
71%
voran
71%
alles
57%
Auf
57%
auf
57%
das
57%
Das
57%
dem
57%
Der
57%
der
57%
Ich
57%
ich
57%
ihr
57%
ist
57%
mir
57%
mir,
57%
und
57%
Und
57%
Weg,
57%
Weg
57%
zu
57%
an
43%
Er
43%
Folge
43%
Freund,
43%
im
43%
Ruhm,
43%
Ruhm
43%
uns
43%
Was
43%
wer
43%
wir
43%
Bald
29%
Bein
29%
bereit!
29%
Bis
29%
dein
29%
Dunkle
29%
Feuer,
29%
Fordert
29%
fort!
29%
Jungfrau,
29%
Kraft
29%
Kreis!
29%
Leib,
29%
Macht,
29%
Mein
29%
mein
29%
Mut.
29%
Mutter,
29%
nach
29%
nicht,
29%
nicht
29%
nie
29%
O
29%
Schicksal
29%
schicksalhafter
29%
sei
29%
sich
29%
steh'
29%
Sucht
29%
Tief
29%
Tod
29%
vereint,
29%
vereint!
29%
verjährt!
29%
Wald
29%
war,
29%
weckt
29%
Weib!
29%
weit,
29%
Bleib'
14%
bleibe
14%
Bleibt
14%
Blut
14%
dehnt
14%
Dunkelheit
14%
dunklem
14%
Erde,
14%
erglänzt
14%
Erlösch'
14%
erscheint,
14%
euch
14%
führt
14%
gebahnt,
14%
Geist
14%
Geleit!
14%
Gib
14%
grausam,
14%
gut!
14%
Hand.
14%
irdisch
14%
lang
14%
Licht,
14%
Luft.
14%
meiner
14%
Nacht
14%
naht,
14%
neu
14%
Ort!
14%
Pfad,
14%
preis,
14%
prüft
14%
Rätsel
14%
recht,
14%
ruft,
14%
ruft
14%
Sammelt,
14%
schlechte,
14%
schon
14%
Schwestern,
14%
so
14%
steh'n!
14%
Tor
14%
Unaufhaltsam
14%
unrecht
14%
verklärt!
14%
vorwärts,
14%
Wasser,
14%
wild
14%
wird
14%
zög're
14%
Sind
0%
treu,
0%
Keine übereinstimmenden Quizze gefunden
Verteilung der Resultate
Anzahl Personen mit jedem Resultat
Perzentil nach korrekt beantworteten Fragen
Ihre Resultats-Entwicklung
Sie haben dieses Quiz noch nicht gespielt